000 01470nam a22002417a 4500
001 8651
003 FISKH
005 20251008094629.0
008 251008b cb ||||| |||| 00| 0 eng d
020 _a9780739094709
040 _aFISKH
_beng
_cFISKH
_dFISKH
050 _aPZ7
082 _a 786.2
100 _aBarden, Christine H.
245 _aAlfred's teach your child to play Piano, Book 1:
_bThe easiest Piano method ever! /
_cChristine H. Barden ; Gayle Kowalchyk ; E. L. Lancaster
260 _aVan Nuys :
_bAlfred,
_c2013.
300 _a96 pages :
_bcolor illustrations ;
_c31 cm
520 _aThis book is designed for parents as well as for families who are a part of the homeschool movement and wish to include piano in the curriculum. The step-by-step method provides materials that allow students to play pieces on the piano immediately. With an accompanying CD that demonstrates how the music sounds, each lesson is explained in plain language that is easy to understand. The enclosed CD contains a recording of every piece in the book. Preceding each student page is an Instructional Guide for the parent. The Instructional Guide suggests steps for introducing the page to the student, follow-up practice suggestions for the student to do without the parent, and suggestions for reviewing the page in subsequent lessons.
700 _aKowalchy, kGayle
_eAuthor
700 _aLancaster, E. L.
_eAuthor
942 _2ddc
_cBK
_n0
999 _c8651
_d8651